LEADER 00680nab a2200169 i 4500 001 000000311067 003 CaOOAMICUS 005 20180831173026.0 008 180831n xx uu u0 0und r 013 $a20156 040 $aSeMil$bita 100 0 $aLeo XIII,$c.$0(OLS)http://semarc/name/553 245 10$aEnciclica sulla Consacrazione degli uomini al Santissimo Cuore di Gesł, (25 maggio 1899), (trad. it.) 773 0 $t[Gennaio-Giugno].$g570-574$w()274036 900 0 $aLeone XIII$c. 996 $6245$aEnciclica sulla Consacrazione degli uomini al Santissimo Cuore di Gesł, (25 maggio 1899), (trad. it.)$9(OLS)http://semarc/title/385745 LEADER 00537naa a2200145 i 4500 001 000000318390 003 CaOOAMICUS 005 20180831173246.0 008 180831n it u000 u ita u 013 $a27714 040 $aSeMil$bita 100 1 $aBecker, Karl Josef,$c.$0(OLS)http://semarc/name/19478 245 12$aL'insegnamento sul battesimo del Vaticano II. 650 4$aBattesimo - Riflessione teologica.$0(OLS)http://semarc/subject/39627 996 $6245$aL'insegnamento sul battesimo del Vaticano II$9(OLS)http://semarc/title/392275